[Event "Muensterland Verbandsliga 1920"]
[Site "Germany"]
[Date "2019.11.30"]
[Round "4.7"]
[White "Holstegge, Ludger"]
[Black "Hoge, Reinhard"]
[Result "1/2-1/2"]
[WhiteElo "1734"]
[BlackElo "1878"]
[PlyCount "55"]
[EventDate "2019.09.07"]
[EventType "team-tourn"]
[EventRounds "7"]
[EventCountry "GER"]
[SourceTitle "EXT 2023"]
[Source "ChessBase"]
[SourceDate "2022.10.05"]
[SourceVersion "1"]
[SourceVersionDate "2022.10.05"]
[SourceQuality "1"]
[WhiteTeam "Nordwalde"]
[BlackTeam "Saerbeck"]
[WhiteTeamCountry "GER"]
[BlackTeamCountry "GER"]

1. c4 Nf6 2. Nf3 g6 3. Nc3 Bg7 4. g3 0-0 5. Bg2 d6 6. 0-0 c5 7. d3 Nc6 8. Bd2 a6 9. Rb1 Rb8 10. a3 b5 11. cxb5 axb5 12. b4 cxb4 13. axb4 Re8 14. h3 d5 15. d4 Ne4 16. e3 Bf5 17. Rb3 Nxc3 18. Bxc3 Be4 19. Ne1 Bxg2 20. Kxg2 Ra8 21. Nd3 Ra7 22. Qc2 Qa8 23. Rfb1 f6 24. Bb2 e6 25. Rc1 Ne7 26. Rc3 Nf5 27. Rc6 Bf8 28. Rc8 1/2-1/2

[Event "Muensterland Verbandsliga 1920"]
[Site "Germany"]
[Date "2019.09.07"]
[Round "1.7"]
[White "Hoge, Reinhard"]
[Black "Kretschmer, Sven"]
[Result "1-0"]
[WhiteElo "1878"]
[BlackElo "1177"]
[PlyCount "43"]
[EventDate "2019.09.07"]
[EventType "team-tourn"]
[EventRounds "7"]
[EventCountry "GER"]
[SourceTitle "EXT 2023"]
[Source "ChessBase"]
[SourceDate "2022.10.05"]
[SourceVersion "1"]
[SourceVersionDate "2022.10.05"]
[SourceQuality "1"]
[WhiteTeam "Saerbeck"]
[BlackTeam "Ibbenbueren"]
[WhiteTeamCountry "GER"]
[BlackTeamCountry "GER"]

1. c4 e5 2. g3 Nf6 3. Bg2 Bc5 4. Nc3 0-0 5. Nf3 d6 6. 0-0 Nc6 7. a3 Be6 8. d3 h6 9. e3 Bg4 10. h3 Bh5 11. b4 Bb6 12. Bb2 a5 13. Qb3 axb4 14. axb4 Bg6 15. Rad1 e4 16. dxe4 Nxe4 17. Nh4 Nxc3 18. Qxc3 Ne5 19. Nxg6 fxg6 20. f4 Bxe3+ 21. Qxe3 Nxc4 22. Bd5+ 1-0

[Event "Muensterland Verbandsklasse 1819"]
[Site "Germany"]
[Date "2019.02.09"]
[Round "6.5"]
[White "Albers, Thomas"]
[Black "Hoge, Reinhard"]
[Result "0-1"]
[WhiteElo "1736"]
[BlackElo "1909"]
[PlyCount "112"]
[EventDate "2018.09.15"]
[EventType "team-tourn"]
[EventRounds "9"]
[EventCountry "GER"]
[SourceTitle "EXT 2020"]
[Source "ChessBase"]
[SourceDate "2019.10.17"]
[SourceVersion "1"]
[SourceVersionDate "2019.10.17"]
[SourceQuality "1"]
[WhiteTeam "Suedlohn II"]
[BlackTeam "Saerbeck"]
[WhiteTeamCountry "GER"]
[BlackTeamCountry "GER"]

1. d4 Nf6 2. Nf3 g6 3. Bf4 Bg7 4. e3 d6 5. Bd3 0-0 6. 0-0 c5 7. c3 b6 8. Qe2 Bb7 9. Nbd2 Nc6 10. e4 cxd4 11. Nxd4 e5 12. Nxc6 Bxc6 13. Be3 d5 14. exd5 Nxd5 15. Rad1 Rc8 16. Ba6 Rc7 17. Nf3 Rd7 18. Bc4 Qc7 19. Bb3 Nxe3 20. Qxe3 Rfd8 21. Rxd7 Rxd7 22. Rd1 Rxd1+ 23. Bxd1 Qd7 24. Qd2 Qxd2 25. Nxd2 Bh6 26. Nf3 f6 27. c4 Bc1 28. b3 Kf7 29. Kf1 Ke7 30. Ke2 Kd6 31. Ne1 Bh6 32. f3 f5 33. a4 Bg7 34. Bc2 e4 35. g3 Kc5 36. fxe4 fxe4 37. Ng2 Bh6 38. Ne3 Kd4 39. Ng4 Bg7 40. Nf2 Kc3 41. Bxe4 Bxe4 42. Nxe4+ Kxb3 43. c5 Kxa4 44. cxb6 axb6 45. Kd1 b5 46. Kc2 b4 47. g4 b3+ 48. Kb1 Kb4 49. Ng5 h5 50. Ne6 Be5 51. gxh5 gxh5 52. h3 Kc4 53. Ng5 Kd5 54. Nf3 Ke6 55. Nd2 b2 56. Nc4 Kf5 0-1

[Event "Muensterland Verbandsklasse 1819"]
[Site "Germany"]
[Date "2018.12.08"]
[Round "4.4"]
[White "Hoge, Reinhard"]
[Black "Sprenger, Franz"]
[Result "1-0"]
[WhiteElo "1909"]
[BlackElo "1666"]
[PlyCount "41"]
[EventDate "2018.09.15"]
[EventType "team-tourn"]
[EventRounds "9"]
[EventCountry "GER"]
[SourceTitle "EXT 2020"]
[Source "ChessBase"]
[SourceDate "2019.10.17"]
[SourceVersion "1"]
[SourceVersionDate "2019.10.17"]
[SourceQuality "1"]
[WhiteTeam "Saerbeck"]
[BlackTeam "Gronau II"]
[WhiteTeamCountry "GER"]
[BlackTeamCountry "GER"]

1. c4 e5 2. g3 Bc5 3. Bg2 c6 4. Nc3 Ne7 5. Nf3 d6 6. 0-0 0-0 7. d4 exd4 8. Nxd4 Nd7 9. b3 Ne5 10. Bb2 a6 11. Ne4 Ba7 12. Kh1 N5g6 13. f4 Bf5 14. Nf2 c5 15. Nxf5 Nxf5 16. Qd3 Qc8 17. Kg1 Re8 18. Bh3 Nge7 19. e4 g6 20. exf5 Qc7 21. Qc3 1-0

[Event "Muensterland Verbandsklasse 1718"]
[Site "Germany"]
[Date "2018.01.27"]
[Round "5.4"]
[White "Hoge, Reinhard"]
[Black "Kloster, Daniel"]
[Result "1-0"]
[WhiteElo "1865"]
[BlackElo "1768"]
[PlyCount "47"]
[EventDate "2017.09.16"]
[EventType "team-tourn"]
[EventRounds "9"]
[EventCountry "GER"]
[SourceTitle "EXT 2019"]
[Source "ChessBase"]
[SourceDate "2018.10.10"]
[SourceVersion "1"]
[SourceVersionDate "2018.10.10"]
[SourceQuality "1"]
[WhiteTeam "Saerbeck"]
[BlackTeam "Stadtlohn"]
[WhiteTeamCountry "GER"]
[BlackTeamCountry "GER"]

1. c4 e6 2. g3 d5 3. Bg2 Nf6 4. Nf3 c6 5. 0-0 dxc4 6. a4 Be7 7. Na3 Bxa3 8. bxa3 0-0 9. Bb2 Nbd7 10. Qc2 h6 11. Qxc4 Nb6 12. Qc2 Qd5 13. Bxf6 gxf6 14. Qc3 e5 15. a5 Nd7 16. Qe3 Kg7 17. Nh4 Qe6 18. Be4 Rh8 19. Nf5+ Kf8 20. a4 c5 21. Qf3 h5 22. Bd5 Qa6 23. Ba2 Nb8 24. Qd5 1-0

[Event "Muensterland Verbandsliga 1516"]
[Site "Germany"]
[Date "2016.03.05"]
[Round "7.3"]
[White "Ehrlich, Hans Georg"]
[Black "Hoge, Reinhard"]
[Result "1/2-1/2"]
[WhiteElo "1804"]
[BlackElo "1912"]
[PlyCount "41"]
[EventDate "2015.09.12"]
[EventType "team"]
[EventRounds "9"]
[EventCountry "GER"]
[SourceTitle "EXT 2017"]
[Source "ChessBase"]
[SourceDate "2016.10.25"]
[SourceVersion "1"]
[SourceVersionDate "2016.10.25"]
[SourceQuality "1"]
[WhiteTeam "Heiden"]
[BlackTeam "Saerbeck"]
[WhiteTeamCountry "GER"]
[BlackTeamCountry "GER"]

1. b4 Nf6 2. Bb2 g6 3. e3 Bg7 4. Nf3 0-0 5. Be2 d6 6. d4 Nbd7 7. 0-0 e5 8. b5 Re8 9. a4 e4 10. Nfd2 Nf8 11. c4 h5 12. Nc3 Bf5 13. Re1 N8h7 14. Nf1 h4 15. f3 Qd7 16. fxe4 Nxe4 17. Nxe4 Bxe4 18. Bg4 f5 19. Bf3 Ng5 20. Bxe4 fxe4 21. h3 1/2-1/2

[Event "Muensterland Verbandsliga 1314"]
[Site "Germany"]
[Date "2014.04.05"]
[Round "8.3"]
[White "Borutta, Niklas"]
[Black "Hoge, Reinhard"]
[Result "1-0"]
[WhiteElo "2052"]
[BlackElo "1918"]
[PlyCount "25"]
[EventDate "2013.09.07"]
[EventType "team-tourn"]
[EventRounds "9"]
[EventCountry "GER"]
[SourceTitle "EXT 2015"]
[Source "ChessBase"]
[SourceDate "2014.11.20"]
[SourceVersion "1"]
[SourceVersionDate "2014.11.20"]
[SourceQuality "1"]
[WhiteTeam "Raesfeld Erle"]
[BlackTeam "Saerbeck"]
[WhiteTeamCountry "GER"]
[BlackTeamCountry "GER"]

1. d4 d5 2. c4 Nc6 3. cxd5 Qxd5 4. Nf3 e5 5. Nc3 Bb4 6. Bd2 Bxc3 7. Bxc3 e4 8. Nd2 e3 9. fxe3 Nf6 10. e4 Nxe4 11. Nxe4 Qxe4 12. d5 Nb4 13. Qa4+ 1-0

[Event "Muensterland Verbandsliga 1314"]
[Site "Germany"]
[Date "2014.03.15"]
[Round "7.3"]
[White "Hoge, Reinhard"]
[Black "Junker, Axel"]
[Result "1/2-1/2"]
[WhiteElo "1918"]
[BlackElo "1826"]
[PlyCount "80"]
[EventDate "2013.09.07"]
[EventType "team-tourn"]
[EventRounds "9"]
[EventCountry "GER"]
[SourceTitle "EXT 2015"]
[Source "ChessBase"]
[SourceDate "2014.11.20"]
[SourceVersion "1"]
[SourceVersionDate "2014.11.20"]
[SourceQuality "1"]
[WhiteTeam "Saerbeck"]
[BlackTeam "Telgte"]
[WhiteTeamCountry "GER"]
[BlackTeamCountry "GER"]

1. c4 Nf6 2. g3 d5 3. Bg2 e6 4. Nf3 Be7 5. 0-0 0-0 6. b3 d4 7. Bb2 c5 8. e3 Nc6 9. exd4 cxd4 10. Re1 Qb6 11. d3 Re8 12. Nbd2 Nd7 13. a3 a5 14. Qc2 e5 15. Re2 f6 16. Rae1 Kf8 17. Ne4 Nc5 18. Nxc5 Bxc5 19. Nd2 Bg4 20. f3 Bh5 21. Ne4 f5 22. Nxc5 Qxc5 23. Rf2 Re7 24. Bc1 Rae8 25. Qb2 Bg6 26. Bd2 Kg8 27. b4 Qa7 28. bxa5 e4 29. fxe4 fxe4 30. Bxe4 Bxe4 31. dxe4 Nxa5 32. Qb5 Nc6 33. Qd5+ Kh8 34. Ref1 Qa8 35. Bb4 Nxb4 36. axb4 h6 37. Qxd4 Rxe4 38. Qc5 Re1 39. Rxe1 Rxe1+ 40. Rf1 Qe8 1/2-1/2

[Event "Muensterland Verbandsklasse-B 1213"]
[Site "Germany"]
[Date "2013.04.20"]
[Round "8.2"]
[White "Hoge, Reinhard"]
[Black "Muth, Josef"]
[Result "1/2-1/2"]
[WhiteElo "1957"]
[BlackElo "2054"]
[PlyCount "95"]
[EventDate "2012.09.15"]
[EventType "team-tourn"]
[EventRounds "9"]
[EventCountry "GER"]
[SourceTitle "EXT 2015"]
[Source "ChessBase"]
[SourceDate "2014.11.20"]
[SourceVersion "1"]
[SourceVersionDate "2014.11.20"]
[SourceQuality "1"]
[WhiteTeam "Saerbeck"]
[BlackTeam "Telgte"]
[WhiteTeamCountry "GER"]
[BlackTeamCountry "GER"]

1. c4 Nf6 2. g3 e6 3. Bg2 d5 4. Nf3 Be7 5. 0-0 0-0 6. d4 c6 7. Nbd2 b6 8. Qc2 Bb7 9. e4 Nxe4 10. Nxe4 dxe4 11. Qxe4 Nd7 12. Re1 Nf6 13. Qe2 Rc8 14. Bf4 Bb4 15. Red1 Re8 16. a3 Bf8 17. Ne5 Qe7 18. Bg5 h6 19. Bd2 c5 20. Bxb7 Qxb7 21. Bc3 Qe4 22. Qxe4 Nxe4 23. Be1 Red8 24. d5 exd5 25. cxd5 Nf6 26. Nc6 Rd7 27. Rac1 a6 28. Nb4 Ra8 29. Nc6 Rc8 30. Nb4 a5 31. Nc6 Rxd5 32. Rxd5 Nxd5 33. Ne5 Bd6 34. Nc4 Bc7 35. Kf1 Nf6 36. Rd1 Rd8 37. Rxd8+ Bxd8 38. Ke2 Kf8 39. Kd3 Bc7 40. f3 Ke7 41. Bc3 g6 42. Ne3 Bd8 43. Kc4 Ne8 44. Kb5 Kd7 45. Ng4 Nd6+ 46. Ka6 h5 47. Ne5+ Kc7 48. Nd3 1/2-1/2

[Event "Muensterland-ch"]
[Site "Heiden"]
[Date "2013.03.23"]
[Round "1.3"]
[White "Haselhorst, Helmut"]
[Black "Hoge, Reinhard"]
[Result "1/2-1/2"]
[WhiteElo "2089"]
[BlackElo "1957"]
[PlyCount "71"]
[EventDate "2013.03.23"]
[EventType "tourn"]
[EventRounds "7"]
[EventCountry "GER"]
[SourceTitle "EXT 2022"]
[Source "ChessBase"]
[SourceDate "2021.10.06"]
[SourceVersion "1"]
[SourceVersionDate "2021.10.06"]
[SourceQuality "1"]

1. d4 Nf6 2. Nf3 g6 3. c4 Bg7 4. Nc3 0-0 5. g3 c5 6. Bg2 d6 7. 0-0 Nc6 8. h3 Bd7 9. dxc5 dxc5 10. Be3 b6 11. Qd2 Qc8 12. Kh2 Rd8 13. Qc1 Qa6 14. Nd2 Rac8 15. Nd5 Nxd5 16. cxd5 Nd4 17. Re1 Bf5 18. g4 Bd7 19. Ne4 Nxe2 20. Qd2 Nd4 21. Bg5 f6 22. Bh4 Bc6 23. Nc3 e5 24. Kh1 Ba8 25. Rad1 b5 26. a3 b4 27. axb4 cxb4 28. Ne4 g5 29. Bg3 Bxd5 30. Qxb4 Nc2 31. Qd2 Bxe4 32. Qxd8+ Rxd8 33. Rxd8+ Bf8 34. Rxe4 Nd4 35. Rexd4 exd4 36. Bd6 1/2-1/2

[Event "Muensterland Verbandsklasse-B 1213"]
[Site "Germany"]
[Date "2013.02.23"]
[Round "6.2"]
[White "Hoge, Reinhard"]
[Black "Van Dijk, Guido"]
[Result "1-0"]
[WhiteElo "1957"]
[BlackElo "1749"]
[PlyCount "75"]
[EventDate "2012.09.15"]
[EventType "team-tourn"]
[EventRounds "9"]
[EventCountry "GER"]
[SourceTitle "EXT 2015"]
[Source "ChessBase"]
[SourceDate "2014.11.20"]
[SourceVersion "1"]
[SourceVersionDate "2014.11.20"]
[SourceQuality "1"]
[WhiteTeam "Saerbeck"]
[BlackTeam "Rheine Klein Berlin II"]
[WhiteTeamCountry "GER"]
[BlackTeamCountry "GER"]

1. d4 c6 2. Nf3 d5 3. c4 Nf6 4. Nc3 e6 5. e3 g6 6. Bd3 Bg7 7. 0-0 0-0 8. e4 dxe4 9. Nxe4 Nxe4 10. Bxe4 Qb6 11. c5 Qc7 12. Bc2 Nd7 13. Bg5 Re8 14. Re1 b6 15. cxb6 axb6 16. Bb3 Bb7 17. Rc1 Qd6 18. Qe2 Rac8 19. Rcd1 Nf6 20. Ne5 Nd5 21. Qg4 f6 22. Nc4 Qd8 23. Bd2 f5 24. Qg3 Bf8 25. Bg5 Qd7 26. a3 Ba6 27. Ne5 Qg7 28. Nxc6 Bb7 29. Na7 Ra8 30. Nb5 Qd7 31. Bxd5 Bxd5 32. Nc7 Bd6 33. Nxe8 Rxe8 34. Bf4 Bf8 35. Rc1 Bc6 36. Be5 Bh6 37. f4 Qd5 38. Qf3 1-0

[Event "Steinfurt Bezirk-ch 1314"]
[Site "Rheine"]
[Date "2013.??.??"]
[Round "2"]
[White "Hoge, Reinhard"]
[Black "Peters, Tobias1111"]
[Result "1/2-1/2"]
[WhiteElo "1930"]
[BlackElo "1483"]
[PlyCount "79"]
[EventDate "2013.??.??"]
[EventType "swiss"]
[EventRounds "6"]
[EventCountry "GER"]
[SourceTitle "EXT 2015"]
[Source "ChessBase"]
[SourceDate "2014.11.20"]
[SourceVersion "1"]
[SourceVersionDate "2014.11.20"]
[SourceQuality "1"]

1. c4 Nf6 2. g3 g6 3. Bg2 Bg7 4. Nc3 0-0 5. Nf3 d6 6. 0-0 e5 7. d3 Nc6 8. Rb1 a5 9. a3 Nh5 10. b4 f5 11. Bd2 f4 12. Nd5 axb4 13. axb4 Ne7 14. Ne1 c6 15. Nxe7+ Qxe7 16. b5 Bd7 17. Nc2 Rf7 18. Nb4 Rc8 19. bxc6 bxc6 20. Na6 Bg4 21. Nb8 fxg3 22. Nxc6 gxh2+ 23. Kh1 Qh4 24. Be3 Kh8 25. Qd2 Nf4 26. Bxf4 Rxf4 27. Rb8 Bh6 28. Rxc8+ Bxc8 29. e3 Rf8 30. Nb4 Bf5 31. Nd5 Bg4 32. f3 Bh5 33. Qb4 Qg3 34. Qxd6 Bxf3 35. Bxf3 Rxf3 36. Qb8+ Bf8 37. Qb1 Bc5 38. Qd1 Rf2 39. Rxf2 Qxf2 40. Qg4 1/2-1/2

[Event "Steinfurt Bezirk-ch 1314"]
[Site "Rheine"]
[Date "2013.??.??"]
[Round "1"]
[White "Mueller, Achim"]
[Black "Hoge, Reinhard"]
[Result "1-0"]
[WhiteElo "2147"]
[BlackElo "1930"]
[PlyCount "59"]
[EventDate "2013.??.??"]
[EventType "swiss"]
[EventRounds "6"]
[EventCountry "GER"]
[SourceTitle "EXT 2015"]
[Source "ChessBase"]
[SourceDate "2014.11.20"]
[SourceVersion "1"]
[SourceVersionDate "2014.11.20"]
[SourceQuality "1"]

1. c4 e5 2. g3 Nc6 3. Bg2 f5 4. a3 Nf6 5. Nc3 Be7 6. b4 d6 7. Nf3 0-0 8. 0-0 Qe8 9. Nd5 Bd8 10. Bb2 Bd7 11. Rc1 Ne7 12. Nxe7+ Bxe7 13. d4 e4 14. Ne1 Ba4 15. Qd2 c6 16. Nc2 Bxc2 17. Rxc2 Qg6 18. d5 Ng4 19. f3 Bg5 20. f4 e3 21. Qd3 Bf6 22. h3 Bxb2 23. hxg4 Qxg4 24. Rxb2 Qxg3 25. Rf3 Qe1+ 26. Kh2 Qh4+ 27. Bh3 g5 28. fxg5 Rae8 29. Rb1 Re4 30. Rbf1 1-0

[Event "Muensterland Verbandsklasse-B 1213"]
[Site "Germany"]
[Date "2012.11.17"]
[Round "3.2"]
[White "Busswolder, Peter"]
[Black "Hoge, Reinhard"]
[Result "1-0"]
[WhiteElo "1679"]
[BlackElo "1957"]
[PlyCount "83"]
[EventDate "2012.09.15"]
[EventType "team-tourn"]
[EventRounds "9"]
[EventCountry "GER"]
[SourceTitle "EXT 2015"]
[Source "ChessBase"]
[SourceDate "2014.11.20"]
[SourceVersion "1"]
[SourceVersionDate "2014.11.20"]
[SourceQuality "1"]
[WhiteTeam "Stadtlohn"]
[BlackTeam "Saerbeck"]
[WhiteTeamCountry "GER"]
[BlackTeamCountry "GER"]

1. d4 Nf6 2. c4 c5 3. dxc5 e5 4. Nc3 Bxc5 5. e3 0-0 6. Nf3 Nc6 7. Be2 Re8 8. 0-0 Bf8 9. Nd5 d6 10. Bd2 Be6 11. Nxf6+ Qxf6 12. Bc3 Rad8 13. e4 Qg6 14. Bd3 Bg4 15. Nh4 Qg5 16. Nf3 Qf4 17. h3 Bxf3 18. Qxf3 Qxf3 19. gxf3 g6 20. Bd2 Nd4 21. Kg2 Ne6 22. Rfd1 h5 23. Bf1 Kh7 24. Be3 b6 25. Rd2 Rd7 26. c5 Nc7 27. cxb6 axb6 28. Bxb6 Rb8 29. Bxc7 Rxc7 30. b3 Rb6 31. Bc4 Ra7 32. a4 Kg7 33. a5 Rb4 34. a6 Be7 35. Rd5 f5 36. Rb5 Rxb5 37. Bxb5 Bd8 38. Bc6 Bb6 39. Bb7 Kf6 40. b4 fxe4 41. fxe4 Ke7 42. Rc1 1-0

[Event "Muensterland Verbandsliga 1011"]
[Site "Germany"]
[Date "2011.02.05"]
[Round "6.4"]
[White "Hoge, Reinhard"]
[Black "Schaefer, Guenter"]
[Result "0-1"]
[WhiteElo "1929"]
[BlackElo "1983"]
[PlyCount "40"]
[EventDate "2010.09.25"]
[EventType "team-tourn"]
[EventRounds "9"]
[EventCountry "GER"]
[SourceTitle "EXT 2012"]
[Source "ChessBase"]
[SourceDate "2011.11.24"]
[SourceVersion "1"]
[SourceVersionDate "2011.11.24"]
[SourceQuality "1"]
[WhiteTeam "Saerbeck"]
[BlackTeam "Nienberge"]
[WhiteTeamCountry "GER"]
[BlackTeamCountry "GER"]

1. d4 d6 2. c4 e5 3. Nf3 Nd7 4. Nc3 Ngf6 5. e4 Be7 6. Be2 c6 7. 0-0 Qc7 8. Re1 Nf8 9. c5 Ng6 10. cxd6 Bxd6 11. dxe5 Nxe5 12. Nd4 0-0 13. f4 Rd8 14. fxe5 Bxe5 15. Be3 c5 16. Nd5 Nxd5 17. exd5 cxd4 18. Bxd4 Bxh2+ 19. Kh1 Bg3 20. Rf1 Qe7 0-1